| 000 | 00504nam a2200145 a 4500 | ||
|---|---|---|---|
| 001 | 1127 | ||
| 003 | CDMR | ||
| 005 | 20130403103655.0 | ||
| 008 | 130130s2005||||||||||||||||||||||||||||d | ||
| 040 |
_aCDMR _bcat _cCDMR |
||
| 111 | 2 |
_aJornades de l'Observatori _cBarcelona _d2004 _n7enes _9885 |
|
| 245 | 1 | 4 |
_aEls Treballs del Naos _b: les cultures pedagògiques de la comunicació IV |
| 260 |
_aBarcelona _c2005 _bObservatori Europeu de la Televisió Infantil. Comissionat de les Arts Audiovisuals |
||
| 942 |
_cMON _2udc |
||
| 999 |
_c1127 _d1127 |
||